000 00241nam a2200121Ia 4500
100 _a#N/A
942 _cBK
245 _aElectronic Devices: Systems and Applications
260 _b#N/A
082 _b22931
546 _aENGLISH
999 _c27174
_d27174